000 01410cad a22002775a 4500
001 L157534
008 121213s2012 xxk f 000 0 eng d
035 _a(Sirsi) u157535
041 0 _aeng
110 2 _aRoyal Institution of Chartered Surveyors
_94900
245 0 0 _aValuation of business and business assets
_h[electronic resource]
250 _a1st ed
260 _aLondon
_bRICS
_c2013
300 _a20p
490 0 _aRICS Guidance Note
520 _aThis guidance note was originally available in digital format separately from the Red Book. With effect from 6 January 2014 this guidance note is incorporated in the RICS Valuation - Professional Standards January 2014.
520 _aThis guidance note on valuation of business and business assets will feature as part of RICS Valuation Standards (Red Book) due for publication in 2013. Covers scope of work and terms of engagement, business and business assets, information, valuation investigation, valuation methodology, reports and confidentiality.
590 _aKA
650 2 4 _aRICS valuation standards
651 4 _aInternational
690 _aValuation
_96273
690 _aBusiness and management
690 _aMachinery and assets
_96254
856 4 0 _uhttps://www.rics.org/global/Valuation%20of%20businesses%20and%20business%20interests.pdf
_zView the guidance free of charge (member-only content) at www.rics.org
942 _n0
999 _c114824
_d114824